| 000 | 00418cam a2200157ua 4500 | ||
|---|---|---|---|
| 020 | _c625.00 | ||
| 041 |
_aeng _h |
||
| 100 | _aPrabhudev, K.H . | ||
| 245 |
_aHandbook of heat treatment of steels / _cK.H. Prabhudev. _hTextual Documents |
||
| 260 |
_aNew Delhi : _bTata Mc-Graw Hill Publishing Company , _c2005. |
||
| 300 | _a ; . | ||
| 365 | _a625.00 | ||
| 504 | _a | ||
| 942 | _cBK | ||
| 999 |
_c12960 _d12960 |
||